Faktický koncern, ovládací smlouva a smlouva o převodu zisku

Gespeichert in:
Bibliographische Detailangaben
1. Verfasser: Černá, Stanislava
Format: Buch
Sprache:Tschechisch
Veröffentlicht: Praha LINDE 2004
Ausgabe:2. dopl. vyd.
Schlagworte:
Tags: Tag hinzufügen
Keine Tags, Fügen Sie das erste Tag hinzu!

MARC

LEADER 00000nam$a2200000$$$4500
001 0022389
005 20221207102621.2
020 |a 80-7201-416-1 
041 0 |a cze 
044 |a CZ 
245 1 0 |a Faktický koncern, ovládací smlouva a smlouva o převodu zisku  |c Stanislava Černá 
250 |a 2. dopl. vyd. 
264 1 |a Praha  |b LINDE  |c 2004 
300 |a 244 s. 
610 2 0 |a právo 
610 2 0 |a koncerny 
610 2 0 |a podnikanie 
610 2 0 |a spoločnosti materské 
610 2 0 |a formy organizačné nadpodnikové 
610 2 0 |a kapitál 
610 2 0 |a zmluvy 
610 2 0 |a zisk 
610 2 0 |a predpisy právne 
610 2 0 |a škody 
610 2 0 |a náhrada škody 
610 2 0 |a úpravy právne 
610 2 0 |a orgány štatutárne 
610 2 0 |a spoločnosti akciové 
610 2 0 |a akcie 
610 2 0 |a Európa 
610 2 0 |a Česko 
100 1 |a Černá, Stanislava